000 00338nam a2200121 i 4500
001 bg
245 0 _aWpływ pola elektromagnetycznego na termodyfuzję w ośrodku izotropowym /
_cpod red. Jarosława Stefaniaka.
260 _aPoznań,
_c1982.
040 _cBPK
041 _apol
942 _cKS
008 s pl f |000 0 pol
999 _c21276
_d21276
856 _uhttp://koha.tu.koszalin.pl/cgi-bin/koha/opac-detail.pl?biblionumber=21276
_yKatalog online BPK